[Event "IX Floripa Chess Open Fort Atacadista"]
[Site "Florianópolis - Santa Catari"]
[Date "2023.01.26"]
[Round "6.4"]
[White "Mareco, Sandro"]
[Black "Ribeiro, Matheus Mendes Domi"]
[Result "1-0"]
[WhiteElo "2625"]
[BlackElo "2250"]
[PlyCount "103"]
[EventDate "2023.01.23"]
[EventRounds "10"]
[EventCountry "BRA"]

1. Nf3 d5 2. c4 e6 3. g3 Nf6 4. Bg2 Be7 5. O-O O-O 6. d4 dxc4 7. Qc2 a6 8. a4
Bd7 9. Qxc4 Bc6 10. Bg5 Bd5 11. Qc2 Be4 12. Qc1 Nc6 13. e3 h6 14. Bxf6 Bxf6 15.
Nc3 Bg6 16. Rd1 Nb4 17. Ne1 c6 18. Ne4 Bxe4 19. Bxe4 a5 20. Nd3 Qb6 21. Nxb4
Qxb4 22. Qc2 Rac8 23. Rac1 c5 24. b3 Rfd8 25. d5 exd5 26. Bxd5 Rc7 27. Qf5 Re7
28. Bc4 Ree8 29. Rd7 Rxd7 30. Qxd7 Re7 31. Qc8+ Kh7 32. Qf5+ Kg8 33. Rd1 Qb6
34. Rd7 Kf8 35. Rxe7 Kxe7 36. Qd5 Qc7 37. Qxf7+ Kd8 38. Qf8+ Kd7 39. Bb5+ Ke6
40. Qg8+ Kd6 41. f4 Qe7 42. Kf2 Kc7 43. Bc4 Qd6 44. Bd5 Qb6 45. Kf3 Qb4 46.
Qf7+ Kb8 47. Kg4 Qb6 48. e4 Bd4 49. e5 Qc7 50. Kf5 Qxf7+ 51. Bxf7 Bg1 52. e6
1-0

[Event "IX Floripa Chess Open Fort Atacadista"]
[Site "Florianópolis - Santa Catari"]
[Date "2023.01.26"]
[Round "6.5"]
[White "Di Berardino, Diego Rafael"]
[Black "Cordero, Daniela"]
[Result "1-0"]
[WhiteElo "2458"]
[BlackElo "2027"]
[PlyCount "83"]
[EventDate "2023.01.23"]
[EventRounds "10"]
[EventCountry "BRA"]

1. Nf3 Nf6 2. c4 c6 3. d4 d5 4. Nc3 a6 5. e3 b5 6. b3 e6 7. Bd3 Be7 8. O-O O-O
9. Qc2 Nbd7 10. Bb2 Bb7 11. a4 b4 12. Ne2 c5 13. cxd5 exd5 14. dxc5 Rc8 15.
Ned4 Bxc5 16. Qe2 a5 17. Nf5 Re8 18. Bb5 Re6 19. Rac1 Bf8 20. Ng5 Rb6 21. Bd4
Nc5 22. Qb2 h6 23. Nh3 Ba6 24. Nf4 Bxb5 25. axb5 Qd7 26. Nxg7 Bxg7 27. Rxc5
Rxc5 28. Bxc5 Rxb5 29. Bd4 Ne8 30. Bxg7 Nxg7 31. Rd1 Qf5 32. Qd2 Rc5 33. Nxd5
Kf8 34. e4 Qe6 35. Qd4 Rc2 36. h3 h5 37. Qa7 Ne8 38. Qxa5 Qxe4 39. Ne3 Rc3 40.
Qxh5 Rxb3 41. Qh8+ Ke7 42. Nd5+ 1-0

[Event "IX Floripa Chess Open Fort Atacadista"]
[Site "Florianópolis - Santa Catari"]
[Date "2023.01.26"]
[Round "6.6"]
[White "Coro, Lucas"]
[Black "Lima, Darcy"]
[Result "1-0"]
[WhiteElo "2272"]
[BlackElo "2439"]
[PlyCount "34"]
[EventDate "2023.01.23"]
[EventRounds "10"]
[EventCountry "BRA"]

1. e4 g6 2. d4 d6 3. Nc3 c6 4. Be3 b5 5. Bd3 Bg7 6. Qd2 Nd7 7. Nf3 Nb6 8. h3
Nc4 9. Bxc4 bxc4 10. O-O h6 11. Rfe1 Kf8 12. Bf4 g5 13. Bh2 f5 14. Qe2 Qb6 15.
exf5 Bxf5 16. Nd2 Qxd4 17. Nxc4 Qc5 1-0

[Event "IX Floripa Chess Open Fort Atacadista"]
[Site "Florianópolis - Santa Catari"]
[Date "2023.01.26"]
[Round "6.10"]
[White "Tomiello, Mateus Costamilan"]
[Black "Flores Quillas, Diego Saul Rodri"]
[Result "0-1"]
[WhiteElo "2051"]
[BlackElo "2321"]
[PlyCount "70"]
[EventDate "2023.01.23"]
[EventRounds "10"]
[EventCountry "BRA"]

1. d4 Nf6 2. c4 e6 3. Nc3 Bb4 4. e3 O-O 5. Nge2 Re8 6. a3 Bf8 7. Ng3 d5 8. c5
e5 9. Be2 b6 10. b4 a5 11. Rb1 axb4 12. axb4 bxc5 13. bxc5 e4 14. O-O (14. Kf1)
14... g6 15. f3 exf3 16. Bxf3 h5 17. e4 Ba6 18. Bg5 Be7 19. Rf2 Ng4 20. Bxe7
Nxf2 21. Kxf2 Rxe7 22. Nxd5 Re6 23. e5 h4 24. Ne2 Bxe2 25. Qxe2 Ra4 26. Nf6+
Kg7 27. d5 Rea6 28. Rb2 Nd7 29. Nxd7 Qxd7 30. e6 fxe6 31. d6 Kf6 32. Rb7 Ra2
33. Rxc7 Rxe2+ 34. Bxe2 Qxc7 35. dxc7 Rc6 0-1

[Event "IX Floripa Chess Open Fort Atacadista"]
[Site "Florianópolis - Santa Catari"]
[Date "2023.01.26"]
[Round "6.11"]
[White "Rodriguez Vila, Andres"]
[Black "Rodrigues, Edgar"]
[Result "0-1"]
[WhiteElo "2435"]
[BlackElo "2299"]
[PlyCount "104"]
[EventDate "2023.01.23"]
[EventRounds "10"]
[EventCountry "BRA"]

1. d4 Nf6 2. Nc3 d5 3. Bf4 e6 4. e3 Bd6 5. Qf3 O-O 6. g4 Bxf4 7. Qxf4 c5 8. g5
Nh5 9. Qh4 g6 10. Nf3 Nc6 11. Rg1 Qa5 12. O-O-O c4 13. e4 b5 14. exd5 Ne7 15.
d6 Nf5 16. Qe4 b4 17. Qxa8 bxc3 18. Qc6 Qxa2 19. bxc3 Qa3+ 20. Kd2 Nxd6 21. Ne5
Bb7 22. Nxc4 Nxc4+ 23. Qxc4 Qd6 24. Be2 Qf4+ 25. Ke1 Qxh2 26. Rg4 Nf4 27. Kd2
Rc8 28. Qb5 Qxf2 29. Qe5 Nxe2 30. Qxe2 Qf3 31. c4 Rxc4 32. Qxc4 Qxg4 33. Qb5
Qxd4+ 34. Kc1 Qf4+ 35. Kb1 Bd5 36. Rf1 Qc7 37. Kc1 Qd8 38. Rf6 h5 39. Qc5 a5
40. c4 Bb7 41. Rf4 Qd3 42. Qc7 Qc3+ 43. Kb1 Be4+ 44. Rxe4 Qd3+ 45. Kb2 Qxe4 46.
c5 Qb4+ 47. Ka2 h4 48. c6 h3 49. Qd8+ Kh7 50. Qf6 Qc4+ 51. Kb2 e5 52. Qf3 Kg8
0-1

[Event "IX Floripa Chess Open Fort Atacadista"]
[Site "Florianópolis - Santa Catari"]
[Date "2023.01.26"]
[Round "6.12"]
[White "Federzoni, Enzo"]
[Black "Cuenca Jimenez, Jose Fernando"]
[Result "0-1"]
[WhiteElo "2123"]
[BlackElo "2545"]
[PlyCount "56"]
[EventDate "2023.01.23"]
[EventRounds "10"]
[EventCountry "BRA"]

1. e4 c5 2. Nf3 Nc6 3. d4 cxd4 4. Nxd4 e5 5. Nb5 d6 6. c4 g6 7. Bd3 Nf6 8. O-O
Bg7 9. Be2 O-O 10. Bg5 Be6 11. Bxf6 Bxf6 12. Nxd6 Qb6 13. Nc3 Qxb2 14. Nd5 Bg5
15. Nb5 Rad8 16. a4 a6 17. Nbc3 Qd2 18. Rb1 Na5 19. g3 Qxd1 20. Rfxd1 Rc8 21.
f4 exf4 22. gxf4 Bh4 23. Rb4 Rc6 24. Bd3 f5 25. e5 Rfc8 26. Nb6 Be7 27. Nxc8
Bxb4 28. Nd5 Bc5+ 0-1

[Event "IX Floripa Chess Open Fort Atacadista"]
[Site "Florianópolis - Santa Catari"]
[Date "2023.01.26"]
[Round "6.13"]
[White "Languidey, Simon Alejandro"]
[Black "De Carvalho, Vitor Augusto Ponci"]
[Result "1-0"]
[WhiteElo "2403"]
[BlackElo "2097"]
[PlyCount "66"]
[EventDate "2023.01.23"]
[EventRounds "10"]
[EventCountry "BRA"]

1. e4 c5 2. Nf3 Nc6 3. Bb5 g6 4. O-O Bg7 5. Bxc6 dxc6 6. d3 e5 7. Nbd2 f6 8. a3
Nh6 9. b4 cxb4 10. axb4 O-O 11. Bb2 Nf7 12. Re1 Re8 13. d4 exd4 14. Bxd4 b6 15.
Qb1 Ne5 16. Qb2 Bg4 17. Nxe5 fxe5 18. Be3 Qc7 19. Qc3 Rac8 20. Nc4 Red8 21. Nb2
c5 22. bxc5 bxc5 23. h3 Be6 24. Ra5 c4 25. Rxa7 Qb8 26. Na4 Bf8 27. Qa1 c3 28.
Rb1 Qd6 29. Nxc3 Qc6 30. Rb6 Qxc3 31. Qxc3 Rxc3 32. Rxe6 Rxc2 33. g3 Bd6 1-0

[Event "IX Floripa Chess Open Fort Atacadista"]
[Site "Florianópolis - Santa Catari"]
[Date "2023.01.26"]
[Round "6.14"]
[White "Calcado, Acyr Rogerio"]
[Black "Umetsubo, Cesar Hidemitsu"]
[Result "1/2-1/2"]
[WhiteElo "2106"]
[BlackElo "2365"]
[PlyCount "43"]
[EventDate "2023.01.23"]
[EventRounds "10"]
[EventCountry "BRA"]

1. e4 c5 2. Nf3 d6 3. d4 cxd4 4. Qxd4 Nc6 5. Bb5 Bd7 6. Bxc6 Bxc6 7. Nc3 Nf6 8.
Bg5 h6 9. Bxf6 gxf6 10. O-O-O Rg8 11. Rhg1 Qa5 12. Qd3 e6 13. Nd4 a6 14. f4 Bd7
15. Kb1 O-O-O 16. f5 Kb8 17. Qf3 Qe5 18. Qh5 Be8 19. Qh3 Bd7 20. Qh5 Be8 21.
Qh3 Bd7 22. Qh5 1/2-1/2

[Event "IX Floripa Chess Open Fort Atacadista"]
[Site "Florianópolis - Santa Catari"]
[Date "2023.01.26"]
[Round "6.15"]
[White "Do Nascimento, Christian Almeida"]
[Black "Filgueiras, Nathan Felipe"]
[Result "1-0"]
[WhiteElo "2097"]
[BlackElo "2356"]
[PlyCount "79"]
[EventDate "2023.01.23"]
[EventRounds "10"]
[EventCountry "BRA"]

1. d4 d5 2. Bf4 Nf6 3. e3 c5 4. c3 Nc6 5. Nf3 e6 6. Be2 Bd6 7. Bg3 O-O 8. Nbd2
Bxg3 9. hxg3 Qe7 10. Ne5 Nxe5 11. dxe5 Nd7 12. Bb5 f6 13. Bxd7 Bxd7 14. Qh5 g6
15. Qh4 Rf7 16. Nf3 fxe5 17. Qxe7 Rxe7 18. Nxe5 Kg7 19. g4 Rh8 20. g5 h6 21. f4
Be8 22. gxh6+ Rxh6 23. Rxh6 Kxh6 24. Kf2 b5 25. Kf3 Rc7 26. Kg4 b4 27. Rh1+ Kg7
28. Kg5 bxc3 29. bxc3 Rb7 30. Rh6 Rb2 31. g4 Rxa2 32. Nxg6 Bxg6 33. Rxg6+ Kf7
34. Rh6 Ke7 35. Rh7+ Kd6 36. Kf6 Re2 37. g5 Rxe3 38. g6 Rg3 39. Rh5 Rg4 40. f5
1-0

[Event "IX Floripa Chess Open Fort Atacadista"]
[Site "Florianópolis - Santa Catari"]
[Date "2023.01.26"]
[Round "6.16"]
[White "Lujan, Carolina"]
[Black "Araujo Filho, Luiz Antonio Coel"]
[Result "1-0"]
[WhiteElo "2324"]
[BlackElo "2089"]
[PlyCount "65"]
[EventDate "2023.01.23"]
[EventRounds "10"]
[EventCountry "BRA"]

1. e4 c6 2. d4 d5 3. exd5 cxd5 4. Bd3 Nc6 5. c3 Nf6 6. Bf4 g6 7. h3 Bg7 8. Nf3
O-O 9. O-O Be6 10. Nbd2 Qc8 11. Re1 Bf5 12. Bf1 h6 13. Ne5 g5 14. Bh2 Ne4 15.
Nxe4 dxe4 16. g4 Nxe5 17. dxe5 Rd8 18. Qe2 Bg6 19. Bg2 Qc5 20. Bxe4 Bxe4 21.
Qxe4 Rd2 22. Re2 Rad8 23. Rae1 Qb5 24. e6 f5 25. gxf5 Qxb2 26. f6 Bxf6 27. Qg6+
Kh8 28. Qxh6+ Kg8 29. Qg6+ Kh8 30. Qh5+ Kg7 31. Be5 Rf8 32. Qxg5+ Kh7 33. Qxd2
1-0

[Event "IX Floripa Chess Open Fort Atacadista"]
[Site "Florianópolis - Santa Catari"]
[Date "2023.01.26"]
[Round "6.17"]
[White "Labussiere, Victor"]
[Black "Silva, Caio Henrique Angel"]
[Result "1-0"]
[WhiteElo "2315"]
[BlackElo "2081"]
[PlyCount "51"]
[EventDate "2023.01.23"]
[EventRounds "10"]
[EventCountry "BRA"]

1. c4 e5 2. Nc3 Nf6 3. Nf3 Nc6 4. e4 Bc5 5. Nxe5 Nxe5 6. d4 Bb4 7. dxe5 Nxe4 8.
Qf3 Nxc3 9. bxc3 Be7 10. Qg3 g6 11. Bh6 d6 12. Be2 Be6 13. Rd1 Qd7 14. exd6
cxd6 15. Bg7 Rg8 16. Bd4 Qc7 17. O-O O-O-O 18. Qe3 a6 19. Bb6 Qc6 20. Bxd8 Rxd8
21. Qf4 Qc5 22. Qd4 Rd7 23. Qxc5+ dxc5 24. Rxd7 Kxd7 25. Rb1 Kc7 26. Bf3 1-0

[Event "IX Floripa Chess Open Fort Atacadista"]
[Site "Florianópolis - Santa Catari"]
[Date "2023.01.26"]
[Round "6.18"]
[White "Perez, Daniel"]
[Black "Cantero, Rodolfo"]
[Result "1-0"]
[WhiteElo "2306"]
[BlackElo "2070"]
[PlyCount "179"]
[EventDate "2023.01.23"]
[EventRounds "10"]
[EventCountry "BRA"]

1. d4 Nf6 2. c4 e6 3. Nf3 b6 4. g3 Bb7 5. Bg2 Be7 6. Nc3 Ne4 7. Qc2 Nxc3 8.
Qxc3 O-O 9. O-O c5 10. Be3 d6 11. Rad1 Bf6 12. Qd3 Qe7 13. Ne1 Nc6 14. Nc2 Rfd8
15. b3 a6 16. f4 e5 17. fxe5 dxe5 18. d5 Nd4 19. Bc1 b5 20. e3 Ne6 21. Qe2 Nf8
22. e4 bxc4 23. bxc4 Nd7 24. Rd3 Nb6 25. Rdf3 Nc8 26. Ba3 Nd6 27. Ne3 Rac8 28.
h4 Rc7 29. Ng4 Ne8 30. Bc1 Bc8 31. Ne3 Nd6 32. R3f2 Bd7 33. Qd3 Rb8 34. Kh2 Rb4
35. Bh3 Bxh3 36. Kxh3 Qd7+ 37. Kg2 Qa4 38. Ba3 Rb8 39. Bb2 Rcb7 40. Ba1 Rb4 41.
Bc3 R4b7 42. Rc2 Rb1 43. Rff2 R1b7 44. Rfe2 Qd7 45. Rf2 Kh8 46. Nf5 Rb1 47.
Nxd6 Qxd6 48. Qf3 Kg8 49. Qf5 Rd1 50. Rb2 Rxb2 51. Rxb2 g6 52. Qf3 Rc1 53. Qe3
Ra1 54. Rf2 Rb1 55. Qf3 Kg7 56. g4 Rb7 57. Qg3 Kg8 58. g5 Bg7 59. Qg4 Qd8 60.
Ba5 Qe8 61. h5 gxh5 62. Qf5 Qd7 63. Qxd7 Rxd7 64. Rb2 Bf8 65. Rb8 Kg7 66. Bc3
Bd6 67. Rb6 f6 68. Rxa6 Kg6 69. gxf6 Kxf6 70. Kf3 Ke7 71. Bxe5 Bxe5 72. Re6+
Kf7 73. Rxe5 Ra7 74. Rxh5 Rxa2 75. Rxh7+ Kf6 76. Ke3 Ra3+ 77. Kf4 Rc3 78. Rh6+
Kg7 79. Rc6 Rxc4 80. Ke5 Kf7 81. Rc7+ Ke8 82. Kf5 Kd8 83. d6 Rc1 84. e5 c4 85.
Ke6 c3 86. Rh7 Kc8 87. d7+ Kc7 88. Rh8 Rd1 89. Rc8+ Kb7 90. Rxc3 1-0

[Event "IX Floripa Chess Open Fort Atacadista"]
[Site "Florianópolis - Santa Catari"]
[Date "2023.01.26"]
[Round "6.19"]
[White "Menna Barreto, Felipe Kubiaki"]
[Black "Ferreira, Andrei Dias"]
[Result "1-0"]
[WhiteElo "2305"]
[BlackElo "2011"]
[PlyCount "109"]
[EventDate "2023.01.23"]
[EventRounds "10"]
[EventCountry "BRA"]

1. d4 Nf6 2. Nf3 e6 3. Bg5 Be7 4. Nbd2 d5 5. e3 O-O 6. Bd3 b6 7. O-O Bb7 8. c3
Nbd7 9. a4 a6 10. a5 b5 11. b4 Ne4 12. Bxe7 Qxe7 13. Qc2 f5 14. Nb3 Rf6 15. Ne5
c6 16. Nxd7 Qxd7 17. f3 Nd6 18. Nc5 Qe7 19. e4 Nc4 20. Bxc4 bxc4 21. exf5 Rxf5
22. Rae1 Rf6 23. Re5 Re8 24. Rfe1 Bc8 25. Qa4 Qd6 26. R1e3 g6 27. Qd1 Rf5 28.
Qe1 Rxe5 29. Rxe5 Kg7 30. Qe3 h5 31. f4 Kh7 32. Qe2 Rf8 33. g3 Rf6 34. Na4 Bd7
35. Nb2 Kg7 36. Rg5 Rf5 37. Qxh5 Rxg5 38. Qxg5 Qf8 39. g4 Qf6 40. Qxf6+ Kxf6
41. Kf2 Kg7 42. Kg3 Kh6 43. Na4 Bc8 44. Kh4 Bd7 45. Nc5 Bc8 46. h3 g5+ 47. Kg3
Kg6 48. h4 gxh4+ 49. Kxh4 Kh6 50. Kg3 Kg6 51. Kh4 Kh6 52. f5 exf5 53. gxf5 Kg7
54. Kg5 Kf7 55. Na4 1-0

[Event "IX Floripa Chess Open Fort Atacadista"]
[Site "Florianópolis - Santa Catari"]
[Date "2023.01.26"]
[Round "6.20"]
[White "Rodi, Luis Ernesto"]
[Black "Ramirez, Maria Eugenia"]
[Result "1/2-1/2"]
[WhiteElo "2295"]
[BlackElo "2007"]
[PlyCount "142"]
[EventDate "2023.01.23"]
[EventRounds "10"]
[EventCountry "BRA"]

1. e4 e5 2. Nf3 Nc6 3. Bb5 Nd4 4. Nxd4 exd4 5. O-O h5 6. d3 Bc5 7. Nd2 c6 8.
Ba4 d6 9. c4 Bg4 10. Qe1 Qa5 11. Bd1 Qc7 12. f3 Be6 13. a3 a5 14. Rb1 Ba7 15.
f4 Nf6 16. Nf3 Bg4 17. Bd2 Bb6 18. h3 Bxf3 19. Bxf3 Nd7 20. Qe2 g6 21. b4 O-O-O
22. Rb2 f5 23. Rfb1 Ba7 24. bxa5 Nc5 25. Bb4 Na4 26. Rc2 Nc3 27. Bxc3 dxc3+ 28.
Kh2 Qxa5 29. Qe1 Bd4 30. Qg3 Rhg8 31. Qg5 Rdf8 32. Qe7 Qc7 33. Qe6+ Kd8 34. c5
dxc5 35. e5 Re8 36. Qb3 Kc8 37. h4 Rh8 38. g3 g5 39. hxg5 h4 40. Rh1 hxg3+ 41.
Kxg3 Bxe5 42. Qc4 Rxh1 43. Bxh1 b5 44. Qxc5 Bxf4+ 45. Kg2 Bd2 46. Qxf5+ Kb7 47.
Qf2 Qe5 48. Kf1 Qxg5 49. Be4 Qe7 50. Ke2 Qe5 51. Ra2 Rh8 52. Qf7+ Kb6 53. Kd1
Rh1+ 54. Kc2 Rc1+ 55. Kb3 Rb1+ 56. Kc2 Rc1+ 57. Kb3 Rb1+ 58. Kc2 Rb2+ 59. Rxb2
cxb2 60. Qf2+ Qc5+ 61. Qxc5+ Kxc5 62. Kxb2 Be3 63. Kb3 Bd2 64. Bh7 Kd4 65. Bg6
Kc5 66. Bf5 Be1 67. Bd7 Bd2 68. Be8 Be1 69. Kc2 Bf2 70. Bd7 Kd6 71. Be8 Kc5
1/2-1/2

[Event "IX Floripa Chess Open Fort Atacadista"]
[Site "Florianópolis - Santa Catari"]
[Date "2023.01.26"]
[Round "6.21"]
[White "Souza, Rafael Cabral De"]
[Black "Tomiello, Lucas Costamilan"]
[Result "0-1"]
[WhiteElo "2096"]
[BlackElo "2263"]
[PlyCount "118"]
[EventDate "2023.01.23"]
[EventRounds "10"]
[EventCountry "BRA"]

1. g3 e5 2. Bg2 Nf6 3. d3 d5 4. Nf3 Nc6 5. O-O Be7 6. c4 d4 7. b4 Nd7 8. b5
Ncb8 9. e3 dxe3 10. Bxe3 O-O 11. Nc3 Re8 12. d4 exd4 13. Nxd4 Ne5 14. Qe2 c6
15. bxc6 Nbxc6 16. Nd5 Bf8 17. Nb5 Bg4 18. f3 Be6 19. Rfd1 Bxd5 20. cxd5 Na5
21. Qf2 Nec4 22. Bd4 a6 23. Nc3 b5 24. f4 Rc8 25. Rac1 Nb7 26. Ne4 Nbd6 27.
Nxd6 Bxd6 28. Re1 Bb4 29. Red1 Qd7 30. Kh1 Re7 31. Bf3 Rce8 32. a4 Nd6 33. Qb2
a5 34. axb5 Nf5 35. Bf2 Ne3 36. Rd3 Qxb5 37. Rxe3 Rxe3 38. Bxe3 Rxe3 39. Rc8+
Re8 40. Rxe8+ Qxe8 41. Qe5 Qc8 42. Be4 g6 43. Kg2 a4 44. Qd4 Qf8 45. d6 Qxd6
46. Qxd6 Bxd6 47. Bd5 Kf8 48. Kf3 Ke7 49. g4 a3 50. h4 h5 51. Ba2 f5 52. gxf5
gxf5 53. Ke3 Bc5+ 54. Ke2 Bd4 55. Bb3 Bf6 56. Kd2 Bxh4 57. Kc1 Bg3 58. Kb1 Bxf4
59. Bc2 Kf6 0-1

[Event "IX Floripa Chess Open Fort Atacadista"]
[Site "Florianópolis - Santa Catari"]
[Date "2023.01.26"]
[Round "6.22"]
[White "Lima, Kleyton Alcantara"]
[Black "Caetano, Ryan Wesley Da Cost"]
[Result "1-0"]
[WhiteElo "2080"]
[BlackElo "2240"]
[PlyCount "101"]
[EventDate "2023.01.23"]
[EventRounds "10"]
[EventCountry "BRA"]

1. e4 c5 2. c3 Nf6 3. e5 Nd5 4. d4 cxd4 5. cxd4 d6 6. Nf3 Nc6 7. Bc4 dxe5 8.
Nxe5 e6 9. O-O Be7 10. Nxc6 bxc6 11. Nc3 O-O 12. Ne4 Qb6 13. Bg5 f6 14. Bc1 Rd8
15. Re1 Bd7 16. Bb3 a5 17. Qd3 a4 18. Bc4 Be8 19. Qh3 Qb4 20. Nd2 Bf7 21. Bd3
g6 22. Nf3 a3 23. Bd2 Qb6 24. bxa3 Rxa3 25. Rab1 Qa7 26. Bc4 Qd7 27. Bb3 c5 28.
Bc1 Raa8 29. Bb2 Nf4 30. Qh6 e5 31. d5 Nd3 32. Red1 Nxb2 33. Rxb2 Bf8 34. Qh4
Bg7 35. Re2 Qd6 36. Nd2 Re8 37. Ne4 Qa6 38. Re3 g5 39. Qg4 h5 40. Qf5 c4 41.
Bc2 Qxa2 42. Nd6 Re7 43. Qh7+ Kf8 44. Re2 Bg8 45. Qxh5 Rd7 46. Nf5 Rxd5 47.
Rde1 Qa7 48. Be4 Rd7 49. Qg6 Rad8 50. Nxg7 Rxg7 51. Qxf6+ 1-0

[Event "IX Floripa Chess Open Fort Atacadista"]
[Site "Florianópolis - Santa Catari"]
[Date "2023.01.26"]
[Round "6.23"]
[White "Pires, Marcos Vinicius Tor"]
[Black "Mesquita, Guilherme"]
[Result "1-0"]
[WhiteElo "2238"]
[BlackElo "2007"]
[PlyCount "161"]
[EventDate "2023.01.23"]
[EventRounds "10"]
[EventCountry "BRA"]

1. Nf3 Nf6 2. c4 c6 3. d4 d5 4. g3 Bg4 5. Ne5 Bf5 6. Nc3 e6 7. Qb3 Qc8 8. Bg2
Nbd7 9. Nf3 h6 10. O-O Bd6 11. Nd2 O-O 12. e4 dxe4 13. Ncxe4 Nxe4 14. Nxe4 Bxe4
15. Bxe4 Nf6 16. Bg2 Qd7 17. Bd2 Rac8 18. Bc3 Be7 19. a4 b6 20. Rfd1 Rfd8 21.
Qc2 Qc7 22. Qe2 a6 23. b3 Rd7 24. Qf3 Qd8 25. Ra2 Qf8 26. Qe2 Bb4 27. Ba1 Qd8
28. Rd3 Ne8 29. Qd1 Qg5 30. Re2 Nf6 31. Bf3 Qg6 32. Ree3 Rdd8 33. Qe2 Kh8 34.
Rd1 Rd7 35. Red3 Rdd8 36. Bb2 Rd7 37. h4 Qh7 38. Qe3 Qg6 39. Qe2 Qh7 40. Bc1
Qg8 41. Bf4 Qf8 42. Be5 Qe7 43. Qf1 Bd6 44. Qg2 Rdc7 45. g4 Nd7 46. Bg3 Bxg3
47. Qxg3 e5 48. Re3 f6 49. g5 Qf7 50. Rde1 Qg6 51. gxf6 Qxg3+ 52. fxg3 gxf6 53.
Bg4 Rg8 54. Bxd7 Rxd7 55. dxe5 fxe5 56. Kg2 Rd2+ 57. Kh3 Rb2 58. Rd3 Re8 59.
Ree3 Re6 60. Rd7 e4 61. Kg4 Rf2 62. Rd4 Kg7 63. Rdxe4 Rxe4+ 64. Rxe4 Rb2 65.
Re3 b5 66. axb5 axb5 67. cxb5 cxb5 68. Kf5 Rf2+ 69. Ke5 Kg6 70. Kd4 h5 71. Kc5
Rf5+ 72. Kb4 Rd5 73. Rf3 Re5 74. Ka5 Rd5 75. b4 Re5 76. Ka6 Rd5 77. Kb6 Re5 78.
Kc6 Kg7 79. Rd3 Kg6 80. Rd5 Re3 81. Rg5+ 1-0

[Event "IX Floripa Chess Open Fort Atacadista"]
[Site "Florianópolis - Santa Catari"]
[Date "2023.01.26"]
[Round "6.24"]
[White "Martins, Anderson Donay"]
[Black "Labussiere, Yago"]
[Result "0-1"]
[WhiteElo "2058"]
[BlackElo "2227"]
[PlyCount "94"]
[EventDate "2023.01.23"]
[EventRounds "10"]
[EventCountry "BRA"]

1. e4 c5 2. Nf3 Nc6 3. Bb5 g6 4. O-O Bg7 5. c3 Nf6 6. e5 Nd5 7. d4 cxd4 8. cxd4
O-O 9. Nc3 Nxc3 10. bxc3 d6 11. exd6 Qxd6 12. a4 Qc7 13. Ba3 Rd8 14. Re1 e6 15.
Qe2 b6 16. Qc4 Bb7 17. a5 bxa5 18. Ne5 Rac8 19. Bxc6 Bxc6 20. Bc5 Be8 21. Qa6
a4 22. Rab1 Rb8 23. Bb4 Rb6 24. Qe2 Qb7 25. Ra1 Qa6 26. Qf3 Rc8 27. h4 Qb7 28.
Qe3 Qb8 29. Bc5 Rb3 30. Nc4 Rd8 31. h5 gxh5 32. Ne5 Qc7 33. Qh3 Kh8 34. Re3
Rdb8 35. Qg3 R8b7 36. Bd6 Qc8 37. Qh4 f6 38. Nd3 Rxc3 39. Rae1 Bf7 40. Rg3 Rd7
41. Ree3 Bg6 42. Nf4 Rxe3 43. fxe3 Rxd6 44. Nxg6+ hxg6 45. Rxg6 Rd5 46. e4 Rg5
47. Rxg5 Qc1+ 0-1

[Event "IX Floripa Chess Open Fort Atacadista"]
[Site "Florianópolis - Santa Catari"]
[Date "2023.01.26"]
[Round "6.25"]
[White "Almeida Junior, Alvaro Alves De"]
[Black "Gauche, Charles"]
[Result "1/2-1/2"]
[WhiteElo "2045"]
[BlackElo "2211"]
[PlyCount "36"]
[EventDate "2023.01.23"]
[EventRounds "10"]
[EventCountry "BRA"]

1. e4 e6 2. d4 d5 3. Bd3 dxe4 4. Bxe4 Nf6 5. Bf3 c5 6. Ne2 Nc6 7. c3 cxd4 8.
Nxd4 Nxd4 9. Qxd4 Qxd4 10. cxd4 Bb4+ 11. Nc3 O-O 12. O-O Rd8 13. Rd1 Nd5 14.
Nxd5 exd5 15. Bf4 Be6 16. Rac1 Rac8 17. Rxc8 Rxc8 18. Rc1 Rxc1+ 1/2-1/2

[Event "IX Floripa Chess Open Fort Atacadista"]
[Site "Florianópolis - Santa Catari"]
[Date "2023.01.26"]
[Round "6.26"]
[White "Araujo, Renan Aparecido"]
[Black "Melian, Juan Sebastian"]
[Result "0-1"]
[WhiteElo "2041"]
[BlackElo "2197"]
[PlyCount "100"]
[EventDate "2023.01.23"]
[EventRounds "10"]
[EventCountry "BRA"]

1. e4 e5 2. Nf3 Nc6 3. Bc4 Be7 4. O-O Nf6 5. d3 O-O 6. Re1 d6 7. c3 Be6 8. Bb3
Re8 9. h3 Bf8 10. Bxe6 Rxe6 11. Ng5 Re7 12. c4 Nd7 13. Nc3 Nc5 14. Nd5 Rd7 15.
b4 Ne6 16. Nxe6 fxe6 17. b5 Nb8 18. Nc3 Rf7 19. Qg4 Qe8 20. Be3 Nd7 21. d4 exd4
22. Bxd4 Ne5 23. Qe2 g5 24. Bxe5 dxe5 25. Qh5 Rg7 26. Qxe8 Rxe8 27. Rad1 Bc5
28. Kf1 Rf8 29. f3 h5 30. Rd3 g4 31. hxg4 hxg4 32. Red1 gxf3 33. Rxf3 Rxf3+ 34.
gxf3 Rg1+ 35. Ke2 Rg2+ 36. Kd3 Rf2 37. Rg1+ Kf8 38. Rg3 Ke7 39. a4 Kd6 40. Rh3
Bb6 41. Nd1 Ra2 42. Rh8 Rxa4 43. Rb8 Ra3+ 44. Ke2 Kc5 45. Ne3 Kd6 46. Nd1 Kd7
47. Rf8 Bd4 48. f4 Ke7 49. Rc8 exf4 50. Rxc7+ Kf6 0-1

[Event "IX Floripa Chess Open Fort Atacadista"]
[Site "Florianópolis - Santa Catari"]
[Date "2023.01.26"]
[Round "6.27"]
[White "Silva, Kaua Marques"]
[Black "Mariani, Daniel Brandao"]
[Result "1-0"]
[WhiteElo "2196"]
[BlackElo "1987"]
[PlyCount "73"]
[EventDate "2023.01.23"]
[EventRounds "10"]
[EventCountry "BRA"]

1. e4 e5 2. Nf3 Nf6 3. Nxe5 d6 4. Nf3 Nxe4 5. Nc3 Nxc3 6. dxc3 Be7 7. Be3 O-O
8. Qd2 Nc6 9. O-O-O Ne5 10. h4 Bg4 11. Be2 Qc8 12. h5 Qe6 13. b3 a5 14. Nd4 Qd7
15. f3 Be6 16. a4 c6 17. g4 Rfb8 18. c4 d5 19. Bf4 Bd6 20. cxd5 Bxd5 21. c4 Be6
22. Nc2 Rd8 23. Qxd6 Qxd6 24. Rxd6 Rxd6 25. Bxe5 Rd7 26. Bc3 f6 27. h6 Re8 28.
Rh2 b6 29. hxg7 Kxg7 30. Nd4 c5 31. Nxe6+ Rxe6 32. g5 Re3 33. gxf6+ Kg6 34. Kc2
Kf5 35. Bd2 Re8 36. Bd3+ Kxf6 37. Rh6+ 1-0

[Event "IX Floripa Chess Open Fort Atacadista"]
[Site "Florianópolis - Santa Catari"]
[Date "2023.01.26"]
[Round "6.28"]
[White "De Souza, Felipe Guimaraes"]
[Black "Zampronha, Wladimir Camilo"]
[Result "1/2-1/2"]
[WhiteElo "1943"]
[BlackElo "2164"]
[PlyCount "107"]
[EventDate "2023.01.23"]
[EventRounds "10"]
[EventCountry "BRA"]

1. Nf3 Nf6 2. c4 e6 3. d4 c5 4. Nc3 cxd4 5. Nxd4 a6 6. e4 d6 7. Be2 Be7 8. Be3
O-O 9. O-O Nbd7 10. Rc1 Qc7 11. Qd2 b6 12. b4 Bb7 13. f3 Rfe8 14. Nb3 Rac8 15.
a3 Qb8 16. Rfd1 Ne5 17. Na4 Nfd7 18. Nb2 Kh8 19. a4 Rg8 20. a5 bxa5 21. Nxa5 g5
22. Nxb7 Qxb7 23. Na4 g4 24. Kh1 gxf3 25. gxf3 Nf6 26. Qd4 Qxb4 27. c5 dxc5 28.
Qxe5 Qxa4 29. Bxc5 Rxc5 30. Rxc5 Qa2 31. Re1 Qd2 32. Rcc1 Qe3 33. Rg1 Rg6 34.
Qb2 Kg7 35. Rcf1 a5 36. Bd1 Bc5 37. Rxg6+ hxg6 38. Bb3 Bd4 39. Qc2 Nh5 40. Bc4
Qh6 41. Qg2 Be5 42. Rd1 a4 43. Qf2 a3 44. Rd2 Qf4 45. Rc2 Qf6 46. Ba2 Nf4 47.
Qf1 Qh4 48. Rc5 Nd3 49. Rc2 Nb4 50. Rg2 Nxa2 51. Rxa2 Bb2 52. Qe2 Qf6 53. Qe3
Qe5 54. Rxa3 1/2-1/2